Current trends in optics (Record no. 7166)

MARC details
000 -LEADER
fixed length control field 00614nam a2200193Ia 4500
003 - CONTROL NUMBER IDENTIFIER
control field IN-BaIIA
008 - FIXED-LENGTH DATA ELEMENTS--GENERAL INFORMATION
fixed length control field 211028s9999 xx 000 0 eng d
020 ## - INTERNATIONAL STANDARD BOOK NUMBER
International Standard Book Number 0-85066-222-2
040 ## - CATALOGING SOURCE
Transcribing agency IIA Library
080 ## - UNIVERSAL DECIMAL CLASSIFICATION NUMBER
Universal Decimal Classification number 535
Item number CUR
245 #0 - TITLE STATEMENT
Title Current trends in optics
Remainder of title invited papers from the ICO-12 meeting Graz, Austria, 1981
Statement of responsibility, etc. edited by F. T. Arecchi and F. R. Aussenegg
260 ## - PUBLICATION, DISTRIBUTION, ETC.
Place of publication, distribution, etc. London
Name of publisher, distributor, etc. Taylor and Francis
Date of publication, distribution, etc. 1981
300 ## - PHYSICAL DESCRIPTION
Extent vii, 190p.
650 ## - SUBJECT ADDED ENTRY--TOPICAL TERM
Topical term or geographic name entry element Astronomy and astrophysics thesaurus
650 ## - SUBJECT ADDED ENTRY--TOPICAL TERM
Topical term or geographic name entry element Optics
700 ## - ADDED ENTRY--PERSONAL NAME
Personal name Arecchi, F. T.,ed.
9 (RLIN) 12294
700 ## - ADDED ENTRY--PERSONAL NAME
Personal name Aussenegg, F. R., ed.
9 (RLIN) 12295
942 ## - ADDED ENTRY ELEMENTS (KOHA)
Koha item type Books
Holdings
Withdrawn status Lost status Damaged status Not for loan Home library Current library Shelving location Date acquired Total Checkouts Full call number Barcode Date last seen Price effective from Koha item type
        IIA Library-Bangalore IIA Library-Bangalore General Stacks 14/09/1982   535/ CUR 7961 05/11/2021 14/09/1982 Books

Powered by Koha